K reformě důchodového systému

Penzijné reformy v európskych štátoch. Možnosti zníženia nákladov na zabezpečenie starých ľudí a k obnoveniu rovnováhy medzi výdavkami a príjmami v dôchodkových systémoch. Sociálna úloha štátu. Reformy dôchodkového poistenia v krajinách strednej a východnej Európy.

Gespeichert in:
Bibliographische Detailangaben
1. Verfasser: Tomeš, Igor
Format: Buchkapitel
Sprache:Tschechisch
Schlagworte:
Tags: Tag hinzufügen
Keine Tags, Fügen Sie das erste Tag hinzu!

MARC

LEADER 00000naa a2200000 4500
001 r038513
005 20230913071217.3
041 0 |a cze 
044 |a CZ 
245 1 0 |a K reformě důchodového systému  |c Igor Tomeš 
520 |a Penzijné reformy v európskych štátoch. Možnosti zníženia nákladov na zabezpečenie starých ľudí a k obnoveniu rovnováhy medzi výdavkami a príjmami v dôchodkových systémoch. Sociálna úloha štátu. Reformy dôchodkového poistenia v krajinách strednej a východnej Európy. 
610 2 0 |a penzie 
610 2 0 |a reformy 
610 2 0 |a Európa 
610 2 0 |a zabezpečenie dôchodkové 
610 2 0 |a poistenie dôchodkové 
610 2 0 |a SVE 
610 2 0 |a príjmy 
610 2 0 |a výdavky 
100 1 |a Tomeš, Igor